Normal view
MARC view
- Akbar, Arslan
Entry Personal Name
001 - CONTROL NUMBER
- control field: 17043
003 - CONTROL NUMBER IDENTIFIER
- control field: NUST
005 - DATE AND TIME OF LATEST TRANSACTION
- control field: 20190708075256.0
008 - FIXED-LENGTH DATA ELEMENTS
- fixed length control field: 190708|| aca||aabn | a|a d
040 ## - CATALOGING SOURCE
- Original cataloging agency: NUST
- Transcribing agency: NUST
100 ## - HEADING--PERSONAL NAME
- Personal name: Akbar, Arslan
670 ## - SOURCE DATA FOUND
- Source citation: Work cat.: (NUST): Akbar, Arslan , Nano modified multi - functional cementitions motar with hybrid intrusions of cnts and gnps /, 2018.
